Diagnóstico de los Centros Regionales. Volumen 4: La administración
Análisis de la administración de los Centros Regionales de la Universidad de Costa Rica: su política, sus funciones, las cuales se derivan del reglamento, con una base teórica y la base práctica derivada del quehacer de los Centros Regionales. Sugiere posibles mejoras a este respecto, con el fin de...
Shranjeno v:
| Korporativna značnica: | |
|---|---|
| Format: | Texto |
| Izdano: |
San Pedro de M. de O.:
UCR. Oficina de Publicaciones
|
| Teme: | |
| Oznake: |
Označite
Brez oznak, prvi označite!
|
MARC
| LEADER | 00000 a a2200000 04500 | ||
|---|---|---|---|
| 001 | 13007 | ||
| 003 | |||
| 040 | |||
| 020 | |a 9977-917-53-1 | ||
| 022 | |a 9977-917-53-1 | ||
| 090 | |a 027700 | ||
| 110 | |a UCR. Rectoría. Oficina de Planificación Universitaria | ||
| 245 | |a Diagnóstico de los Centros Regionales. Volumen 4: La administración | ||
| 260 | |a San Pedro de M. de O.: |b UCR. Oficina de Publicaciones | ||
| 300 | |a 126 p. | ||
| 300 | |b **no definido** | ||
| 520 | |a Análisis de la administración de los Centros Regionales de la Universidad de Costa Rica: su política, sus funciones, las cuales se derivan del reglamento, con una base teórica y la base práctica derivada del quehacer de los Centros Regionales. Sugiere posibles mejoras a este respecto, con el fin de homogeneizar conceptos y nomenclaturas para toda la Universidad. Para la Oficina de Planificación de la U.C.R.se debe contar con información homogénea y completa, y para ello se realiza este estudio. LOB/mb | ||
| 650 | |a UNIVERSIDAD DE COSTA RICA | ||
| 650 | |a ADMINISTRACION UNIVERSITARIA | ||
| 650 | |a GESTION FINANCIERA | ||
| 650 | |a PRESUPUESTO | ||
| 650 | |a CONTABILIDAD | ||
| 650 | |a TRANSPORTE | ||
| 650 | |a INFORMACION | ||
| 650 | |a SALARIOS | ||
| 650 | |a RECURSOS HUMANOS | ||
| 650 | |a TRANSPORTE | ||
| 650 | |a COSTOS | ||
| 650 | |a PERSONAL DOCENTE | ||
| 650 | |a PERSONAL TECNICO | ||
| 999 | |c 11983 |d 11983 | ||



